000 00853cam a22002774a 4500
001 14381582
003 OSt
005 20241019092431.0
008 060518s2006 enk 001 0 eng
020 _a1405821345
020 _a9781405821346
020 _a9781405821346
040 _cCentral University Library
050 0 0 _aKD658
_b.E43 2006 / E45 2006
082 0 0 _a349.42
_222
100 1 _aElliott, Catherine,
_d1966-
245 1 0 _aEnglish legal system sourcebook /
_cCatherine Elliott.
260 _aHarlow, England ;
_aNew York :
_bPearson Longman,
_c2006.
300 _axvii, 374 p. ;
_c25 cm.
500 _aIncludes index.
650 0 _aLaw
_zGreat Britain.
650 0 _aJustice, Administration of
_zGreat Britain.
650 0 _aCourts
_zGreat Britain.
700 _aCatherine Elliott
_cEnglish legal system sourcebook
942 _2lcc
_cBK
_n0
999 _c72
_d72